Estadísticas para Palabras Más Comunes en los Nombres Oficiales de Países

Haz click aquí para intentar la prueba.

Estadísticas generales

  • Esta prueba ha sido intentada 1.679 veces
  • La puntuación promedio es 12 de 28

Estadísticas de respuestas

#Continente más comúnPalabra% Correcto
129África (46){República}
88%
153África (45){de} / {del}
87%
9Asia (3){Estado}
72%
17Europa (7){Reino}
69%
137África (48){la}
62%
33Asia (11){el}
58%
3América (2){San}
56%
9Asia (5){Democrática}
55%
3América (2){Unidos}
55%
2Oceanía (2){Islas}
52%
7América (4){y}
45%
3América (2){Estados}
43%
5América (3){los}
39%
2Oceanía (2){Nueva}
38%
5Asia (4){Popular}
37%
5América / Oceanía (2){las}
33%
2Asia (2){Corea}
31%
5África (3){Federal}
31%
4África (3){Guinea}
30%
2África / Asia (1){Árabe}
24%
2África (2){Congo}
23%
3Europa (3){Principado}
23%
2África (2){Sudán}
23%
2África / Asia (1){Unión}
23%
4Asia (3){Islámica}
19%
2Asia (2){Socialista}
16%
2Asia / Oceanía (1){Independiente}
12%
2Asia (2){China}
11%

Distribución de puntuación

Porcentaje por número respondido

Porcentaje de gente con cada puntuación

Historial de tus puntuaciones

No has intentado esta prueba.